000 00655nam a2200133Ia 4500
008 220620s9999||||xx |||||||||||||| ||und||
022 _a21922764
100 _aSun, Yiming
245 0 _aAdaptive and Intelligent Temperature Control of Microwave Heating Systems with Multiple Sources
546 _aEnglish[eng]
650 _aBestärkendes Lernenmicrowave heating||Künstliches neuronales Netz||Mehrgrößenregelung||Mikrowellenerwärmung||multiple-input multiple-output (MIMO)||Modellprädiktive Regelung||neural network||model predictive control (MPC)||reinforcement learning
856 _uhttps://www.ksp.kit.edu/9783731504672
942 _cEB
999 _c34892
_d34892